Bible Sorting Gallery Quiz Stats

 Plays Quiz not verified by Sporcle

Challenge
Share
Tweet
Embed
Score 0/78 Timer 08:00
2 Plays Today
% Correct
Diseased livestock
82.7%
Death of firstborn
82.1%
Frogs
80.8%
Locusts
80.4%
Water into blood
79.5%
John
79.1%
Hail and fire
79.1%
Land creatures and man
78.4%
Boils
78.3%
The heavens and the earth
78.3%
God
78.1%
Simon Peter
77.7%
Love
77.5%
Gentleness
77.5%
Peace
77.4%
Goodness
77.3%
Stars and heavenly bodies
77.2%
Old
77.2%
Dry land and plants
77.2%
Patience
77.1%
Andrew
76.9%
Joy
76.8%
Self-control
76.5%
Kindness
76.5%
Faithfulness
76.5%
Matthew
76.2%
New
76%
Darkness
75.6%
Thomas
75.5%
Holy Spirit
75.2%
Lice
74.3%
Exodus
74.3%
Father
74.2%
Genesis
73.7%
Deuteronomy
73.4%
Wild animals or flies
72.5%
Leviticus
71.7%
Bartholomew
71.4%
Marine life
71.3%
% Correct
Son
71.1%
Isaac
71.1%
Numbers
70.9%
Benjamin
70.8%
Philip
70.8%
Asher
69.5%
James (son of Zebedee)
68.3%
James (son of Alphaeus)
68.2%
Levi
68%
Isaiah
67.3%
Judah
66.6%
Dan
66.4%
Simon the Zealot
64.4%
Gad
64.4%
Zebulun
64.3%
Ezekiel
64%
Sky
63.9%
Ishmael
63.9%
Reuben
63.6%
Naphtali
63.2%
Issachar
62.9%
Daniel
60.6%
Simeon
59.6%
Thaddaeus
58.9%
Jeremiah
58.9%
Philadelphia
57%
Laodicea
56.2%
Ephesus
55.7%
Smyrna
55.6%
Thyatira
53.6%
Pergamum
51.9%
Ishbak
51.2%
Ephraim-Manasseh
50.8%
Sardis
46.4%
Jokshan
44.1%
Zimran
43.5%
Shuah
42.2%
Medan
34.6%
Midian
34.2%

You're not logged in!

Compare scores with friends on all Sporcle quizzes.
Join for Free
OR
Log In

You Might Also Like...

Show Comments

Extras

Top Quizzes Today


Score Distribution

Your Account Isn't Verified!

In order to create a playlist on Sporcle, you need to verify the email address you used during registration. Go to your Sporcle Settings to finish the process.

Report this User

Report this user for behavior that violates our Community Guidelines.

Details: